Jeanne Dielman, 23, quai du Commerce, 1080 Bruxelles : The Supplements = Jeanne Dielman, 23, quai du Commerce, 1080 Bruxelles : [les suppléments] /
Enregistré dans:
| Autres auteurs: | |
|---|---|
| Format: | |
| Langue: | français |
| Publié: |
París, Francia :
Audiovisuel Multimedia International Production,
1968-2009
|
| Collection: | (Criterion Collection ;
484/2) |
| Sujets: | |
| Tags: |
Pas de tags, Soyez le premier à ajouter un tag!
|
MARC
| LEADER | 00000ngm^a2200000^a^4500 | ||
|---|---|---|---|
| 001 | 000300777 | ||
| 005 | 20251020000000.0 | ||
| 009 | 20260310112524.29 | ||
| 020 | |a 978-1-60465-177-5 | ||
| 037 | |a Acervo ITESO - Biblioteca | ||
| 041 | |a FRA | ||
| 082 | |a 808. 8 |b CRI V. 484 T. 2 | ||
| 240 | 1 | 1 | |a [Jeanne Dielman, 23, Quai du Commerce, 1080 Bruxelles] |
| 240 | 1 | 1 | |a [Autour de Jeanne Dielman] |
| 240 | 1 | 1 | |a [Cine, de nuestro tiempo] |
| 240 | 1 | 1 | |a [Cinéma, de notre temps] |
| 240 | 1 | 1 | |a [Chantal Akerman par Chantal Akerman] |
| 240 | 1 | 1 | |a [Saute ma ville] |
| 245 | 0 | 0 | |a Jeanne Dielman, 23, quai du Commerce, 1080 Bruxelles : |b The Supplements = Jeanne Dielman, 23, quai du Commerce, 1080 Bruxelles : [les suppléments] / |
| 246 | 2 | |a Título en México: no conocido/no identificado | |
| 246 | 2 | |a Título alternativo en español: no conocido/no identificado | |
| 264 | 1 | |a París, Francia : |b Audiovisuel Multimedia International Production, |c 1968-2009 | |
| 264 | 2 | |a Nueva York, EUA : |b Criterion Collection [distribución], |c 2009, c2009 | |
| 300 | |a 1 DVD región 1 (178 min.) : |b blanco y negro, color + |e 1 folleto (20 p.) | ||
| 336 | |a imagen móvil bidimensional |b tdi |2 rdacontenido | ||
| 337 | |a video |b v |2 rdamedio | ||
| 338 | |a videodisco |b vd |2 rdasoporte | ||
| 440 | 1 | |a (Criterion Collection ; |v 484/2) | |
| 546 | |a En francés e inglés, con subtítulos opcionales: inglés | ||
| 649 | |a XX | ||
| 650 | |a Cineastas Belgas - |x Entrevistas | ||
| 650 | |a Actores Franceses - |x Entrevistas | ||
| 650 | |a Fotógrafos Franceses - |x Entrevistas | ||
| 650 | |a Fotógrafos Norteamericanos - |x Entrevistas | ||
| 650 | |a Feministas Francesas - |x Entrevistas | ||
| 650 | |a Mujeres Belgas - |x Entrevistas | ||
| 650 | |a Mujeres Francesas - |x Entrevistas | ||
| 650 | |a Making Of (Documentales detrás de Cámaras) | ||
| 650 | |a Documentales Autobiográficos | ||
| 650 | |a Cortometrajes y Mediometrajes Belgas | ||
| 650 | |a Cine en Blanco y Negro - |z Bélgica | ||
| 650 | |a Cine de Mujeres - |z Bélgica - |x Historia y Crítica | ||
| 650 | |a Cine Belga - |x Historia y Crítica | ||
| 650 | |a Cine Belga - |y 1960-1969 | ||
| 650 | |a Cine Belga - |y 1970-1979 | ||
| 650 | |a Cine Belga - |y Siglo XX | ||
| 650 | |a Akerman, Chantal - |x Tema Principal | ||
| 650 | |a Akerman, Natalia | ||
| 650 | |a Mangolte, Babette | ||
| 650 | |a Seyrig, Delphine | ||
| 740 | 2 | |a A Matter of Time / |c Texto del folleto de I. Margulies. | |
| 700 | |a Margulies, Ivonne |e (texto del folleto) | ||
| 910 | |a Fondo General | ||
| 920 | |a Audiovisuales - DVDs | ||
| 940 | |a Películas | ||
| 905 | |a 308 | ||
| 901 | |a 0500097212 |b IT2 |c DVR |i C123670 |u 20250521 | ||
| 901 | |a 0500198518 |b IT2 |c MIN |i C123670 |u 20251020 | ||
| 902 | |a https://opac.biblio.iteso.mx/vufind/Record/000300777 | ||